000 00788cam a2200241 a 4500
001 000005261
005 20200929151626.0
008 990205s1998 sp a b 000 1 spa
020 _a8437616549
040 _aDO-SdBNP
_cDLC
_dDLC
082 _a863.5
_bC112g
100 1 _aCaballero, Fernán,
_d1796-1877
_915008
245 1 3 _aLa gaviota /
_cFernán Caballero ; edición, Demetrio Estébanez Calderón.
260 _aMadrid :
_bCátedra,
_c1998.
300 _a472 p. ;
_c18 cm.
440 0 _aLetras hispánicas ;
_v449
_94208
504 _aIncluye referencias bibliográficas (p. 113-117).
650 4 _aNovela española
_91123
650 4 _aLiteratura española
_9632
700 1 _aEstébanez Calderón, Demetrio,
_eed.
_915009
910 _aCatalogación por copia / LC
910 _aWM
999 _c5062
_d5062